Missing Word: Famous Asian People Quiz Stats

 Plays Quiz Updated Sep 15, 2016

Challenge
Share
Tweet
Embed
Score 0/20 Timer 05:00
0 Plays Today
Person Missing Word % Correct
Mahatma ______Gandhi
87.9%
Jackie ____Chan
84%
______ HusseinSaddam
82.7%
_______ KhanGenghis
75.6%
____ MingYao
75.2%
Golda ____Meir
73.6%
______ PacquiaoManny
69.7%
Kim ____-unJong
63.8%
Corazon ______Aquino
62.2%
Ichiro ______Suzuki
49.7%
Person Missing Word % Correct
Mustafa Kemal _____Atatürk
46.4%
Sun ___Tzu
46.3%
Ruhollah ________Khomeini
45%
Tenzing ______Norgay
44.5%
Aung San ___ KyiSuu
31.2%
__________ GautamaSiddhārtha
29%
_____ KarzaiHamid
28.7%
Hayao ________Miyazaki
23%
Xi ______Jinping
20.9%
________ bin Abdulaziz Al SaudAbdullah
20.3%

Today's Daily Dose

Missing Word
No Snow!

Word Ladder
Wild Cats

On This Day
December 16th II

You're not logged in!

Compare scores with friends on all Sporcle quizzes.
OR
Log In

You Might Also Like...

Show Comments

Extras

Top Quizzes Today


Score Distribution

Your Account Isn't Verified!

In order to create a playlist on Sporcle, you need to verify the email address you used during registration. Go to your Sporcle Settings to finish the process.

Report this User

Report this user for behavior that violates our Community Guidelines.

Details: